00685nam a2200205 a 450000100100000000500170001000800410002704000250006804100390009308200160013210000150014824000270016324500360019026000430022630000260026949000230029550400740031853400640039283000230045600002421820200930022822.0110120s1973 ag r 000 0 spa d aDO-SdBNPbspacBNPHU17aspaheng2Código de idiomas MARC annnnbC874a1 aCowen, Ron10aSummertree.lEspañol10aÁrbol de verano /cRon Cowen. aBuenos Aires :bJuan Goyanarte,c1973. a103, [2] p. ;c20 cm.1 aFicción y teatro aIncluye referencias bibliográficas y notas al pie de las páginas. pTítulo original en inglés:tSummertree.cNew York, 1968 0aFicción y teatro